000
00273nam a22001097a 4500
008
170116b xxu||||| |||| 00| 0 eng d
020
_a
9780323017220
041
_a
eng
080
_2
7TH
_a
618.2
245
_a
NURSING CARE OF INFANTS AND CHILDREN
_c
HOCKENBERRY
942
_2
udc
_c
BK
999
_c
2920
_d
2920